Statistics for NFL Quarterback's Colleges

Click here to take the quiz!

General Stats

  • This quiz has been taken 4,911 times
  • The average score is 23 of 32

Answer Stats

QuarterbackCollege% Correct
Cam NewtonAuburn
93%
Robert Griffin IIIBaylor
93%
Tom BradyMichigan
92%
Eli ManningMississippi
91%
Aaron RodgersCalifornia
88%
Andrew LuckStanford
88%
Peyton ManningTennessee
88%
Michael VickVirginia Tech
87%
Russell WilsonWisconsin
86%
Matthew StaffordGeorgia
84%
Drew BreesPurdue
83%
Sam BradfordOklahoma
82%
Matt RyanBoston College
79%
Mark SanchezUSC
79%
Ben RoethlisbergerMiami(OH)
78%
Carson PalmerUSC
76%
Joe FlaccoDelaware
71%
Phillip RiversNC State
71%
Andy DaltonTCU
71%
Alex SmithUtah
71%
Ryan FitzpatrickHarvard
70%
Tony RomoEastern Illinois
69%
Ryan TannehilTexas A&M
68%
Brady QuinnNotre Dame
65%
Jay CutlerVanderbilt
64%
Christian PonderFlorida State
63%
Brandon WeedenOklahoma State
61%
Blaine GabbertMissouri
54%
Josh FreemanKansas State
46%
Matt SchaubVirginia
33%
Matt HasselbeckBoston College
25%
John SkeltonFordham
22%

Score Distribution

Percentile by Number Answered

Percent of People with Each Score

Your Score History

You have not taken this quiz